| 000 | 01639nam a2200349 c 4500 | ||
|---|---|---|---|
| 003 | BLK | ||
| 005 | 20230407030357.0 | ||
| 008 | 180408b bul|||||r ||||||| ||bul|| | ||
| 010 | _aKNG00035675000 | ||
| 020 |
_a954-01-1033-5 _bиздат.: Просвета |
||
| 040 | _aBLK | ||
| 041 |
_aBUL _cBUL |
||
| 080 |
_aБългарска литература в основното училище. Методика на обучението _b373.3.016:821.163.2 _x(075.2) _z373.3.016:821.163.2(075.2) |
||
| 100 | 1 |
_aТанев, Димитър Христов _eпърви автор _9254878 |
|
| 700 | 1 |
_aКирков, Димитър Щерев _eсъавт. _9364323 |
|
| 139 |
_aТанев, Димитър Христов и др. _bТ 29 |
||
| 245 | 1 | 0 |
_aПортрети и анализи _bза VІІІ кл. на СОУ : Уч. помагало по лит. _cДимитър Христов Танев; съавт. Димитър Щерев Кирков. |
| 257 | _aBGR | ||
| 260 |
_аСофия _bПросвета _c2001 _fСофия : Балкан прес АД |
||
| 300 |
_a119 с. _bс портр. _c21 см |
||
| 380 | _a3 | ||
| 500 | _aОфс. изд. - Съдържа и Терминол. речник. - Библиогр. с. 116-118. | ||
| 504 | _a116-118 | ||
| 650 | 4 |
_aБългарска литература - учебници за основни училища _9250869 |
|
| 653 | _aбългарска литература | ||
| 653 | _aучебници за основни училища | ||
| 852 | _aЦб 207965 | ||
| 856 | 4 |
_qpdf _u |
|
| 856 | 4 |
_qpdf _u |
|
| 942 |
_cKNG _n0 |
||
| 944 |
_aCR _c15.01.2003 _kКети_Илиева |
||
| 944 |
_aED _c07.09.2006 _k |
||
| 999 |
_c32992 _d32992 |
||